Datum a čas kvízu
37
Celkem bodů
Celkový počet nahraných bodů na tomto kvízu bez doplňovacích otázek.
4.
Pořadí na kvízu
Konečné umístění týmu na tomto kvízu.
Zaznamenané odpovědi
| # | Otázka | Odpověď | Body | Výsledky |
|---|---|---|---|---|
| 1. | V úterý jsme si připomněli Den... | Ve Staré Boleslavi. | 1 | |
| 2. | V jedné evropské metropoli se... | O Římě. | 0 | |
| 3. | Slovenská influencerka Zuzana... | C | 1 | |
| 4. | Provozovatel sociální sítě Ins... | Instagram Kids | 0 | |
| 5. | Fotbalový klub z Teplic po sér... | Jiří Jarošík | 0 | |
| 6. | Pojďme se podívat na leváky, k... | B | 1 | |
| 7. | V roce 1956 se v Praze narodil... | Yonex | 1 | |
| 8. | Obyvatelé arktických oblastí U... | Inuité | 1 | |
| 9. | Dabér Jaromír Meduna propůjčil... | Levák Bob | 1 | |
| 10. | Levákem byl i slavný vojevůdce... | Na Korsice. | 1 |